000
00282nam a2200109Ia 4500
005
20251222144630.0
008
251222s9999||||xx |||||||||||||| ||spa||
082
_a
940.53/N57
100
_a
"Nikolaiev, I.Israelian, V."
245
0
_a
La Segunda Guerra Mundial: 1939-1945
942
_c
LIB
999
_c
16274
_d
16274